Gardens of England and Wales : Open to the Public : [guía] /
Zapisane w:
| Korporacja: | |
|---|---|
| Format: | Książka |
| Język: | angielski |
| Wydane: |
Londres, Inglaterra :
National Gardens Scheme,
1972
|
| Etykiety: |
Nie ma etykietki, Dołącz pierwszą etykiete!
|
MARC
| LEADER | 00000nam^a2200000^a^4500 | ||
|---|---|---|---|
| 001 | 000438226 | ||
| 005 | 20250526000000.0 | ||
| 009 | 20260310123241.986 | ||
| 037 | |a Acervo ITESO - Biblioteca | ||
| 041 | |a ING | ||
| 091 | |a FHM. 08724 | ||
| 110 | |a National Gardens Scheme Committee | ||
| 245 | 1 | 0 | |a Gardens of England and Wales : |b Open to the Public : [guía] / |
| 264 | 1 | |a Londres, Inglaterra : |b National Gardens Scheme, |c 1972 | |
| 300 | |a 160 p., [8 láminas] ; |c 21.0 cm. | ||
| 336 | |a texto |b txt |2 rdacontenido | ||
| 337 | |a sin mediación |b n |2 rdamedio | ||
| 338 | |a volumen |b nc |2 rdasoporte | ||
| 649 | |a XX | ||
| 910 | |a Fondo Hugo B. Margáin | ||
| 920 | |a Impresos - Libros | ||
| 930 | |a Libros Antiguos y Raros | ||
| 905 | |a 126 | ||
| 901 | |a 0500306982 |b IT2 |c LRA |i D110686 |u 20250526 | ||
| 902 | |a https://opac.biblio.iteso.mx/vufind/Record/000438226 | ||